Exploding Things in Minecraft - Statistics

General Stats
  • This quiz has been taken 429 times
    34 since last reset
  • The average score is 6 of 9
Answer Stats
Hint Answer % Correct
TNT/ TNT Minecart
100%
Creeper
93%
In the Nether and End Bed
86%
End Crystal
59%
In the Overworld and End Respawn Anchor
59%
Ghast Fireball
52%
Firework
41%
Wither Skull
38%
Charged Creeper
24%
No matching quizzes found
Score Distribution
Percent of People with Each Score
Percentile by Number Answered
Your Score History
You have not taken this quiz since the last reset